书目信息 |
| 书名: | Modern Mass Media | |
| 作者: | John C.Merrill etc. | |
| 分册号: | ||
| 分册名: | 出版地: | New York : |
|
| 出版社: | Harrper Collins College Pub | |
| 出版时间: | 1993. | |
| 页数: | 445 p. ; | |
| 开本: | 20cm. | |
| 丛书名: | ||
| 中图分类号: | ||
| 科图分类号: | ||
| 其他分类号: | G206.3 | |
| 主题词: | ||
| 电子资源: | ||
| 000 | 00419nam 2200157 a 4500 | |
| 001 | E0231356911 | |
| 005 | 2002032608423690 | |
| 008 | 020326s1993 00010 eng | |
| 020 | @a0-673-99025-7. | |
| 040 | @aPFT@beng | |
| 090 | @aG206.3 | |
| 099 | @dG206.3@eM571 | |
| 245 | @aModern Mass Media / @cJohn C.Merrill etc. | |
| 250 | @a2nd ed. | |
| 260 | @aNew York :@bHarrper Collins College Pub.,@c1993. | |
| 300 | @a445 p. ;@c20cm. | |
| Modern Mass Media / / John C.Merrill etc.-2nd ed.-New York : : Harrper Collins College Pub., , 1993. |
| 445 p. ; ; 20cm. |
| ISBN 0-673-99025-7. |
| ● |
| 相关链接 |
|
|
|
正题名:Modern Mass Media
索取号:G206.3/M571
 
预约/预借
| 序号 | 登录号 | 条形码 | 馆藏地/架位号 | 状态 | 备注 |
| 1 | 02430 | 300024300 | 社科库409/409社科库 119排1列4层/ [索取号:G206.3/M571] | 在馆 | |
| 2 | 02439 | 300024391 | 社科库409/409社科库 119排1列4层/ [索取号:G206.3/M571] | 在馆 | |
| 3 | 02440 | 300024408 | 社科库409/409社科库 119排1列4层/ [索取号:G206.3/M571] | 在馆 |